[Event "Oberhausener SV 1 - SG Bochum 2"]
[Site "NRW-Klasse, Gruppe 1 2013/201"]
[Date "2013.11.17"]
[Round "3.4"]
[White "Litwak, Aleksej"]
[Black "Kitte, Sebastian"]
[Result "1-0"]
[WhiteElo "2230"]
[BlackElo "2248"]
[Annotator "Doe,John"]
[PlyCount "73"]
[EventDate "2013.??.??"]
[WhiteTeam "Oberhausener SV 1"]
[BlackTeam "SG Bochum 2"]

1. e4 c5 2. Nf3 e6 3. d4 cxd4 4. Nxd4 Nf6 5. Nc3 d6 6. Be2 Be7 7. O-O O-O 8. f4
Nc6 9. Be3 Bd7 10. Kh1 Nxd4 11. Qxd4 Bc6 $11 12. Rad1 Qb8 13. a4 b6 14. Bf3 Rd8
15. Bg1 d5 16. exd5 Nxd5 17. Nxd5 Bxd5 18. Bxd5 Rxd5 19. Qe4 Rxd1 20. Rxd1 Qc8
21. f5 Rb8 22. fxe6 Qxe6 23. Qxe6 fxe6 24. Rd7 Bf6 25. b3 Rd8 26. Rxd8+ Bxd8
27. a5 Kf7 28. Bd4 Bc7 29. g4 e5 30. Be3 Ke6 31. c4 g6 32. Kg2 h5 33. h3 hxg4
34. hxg4 Kf6 35. Kf3 Ke6 36. Ke4 Bd8 37. Bxb6 1-0

[Event "Oberhausener SV 1 - SG Bochum 2"]
[Site "NRW-Klasse, Gruppe 1 2013/201"]
[Date "2013.11.17"]
[Round "3.5"]
[White "Kahleys, Kevin"]
[Black "Ciornei, Dragos"]
[Result "0-1"]
[WhiteElo "2223"]
[BlackElo "2112"]
[PlyCount "88"]
[EventDate "2013.??.??"]
[WhiteTeam "SG Bochum 2"]
[BlackTeam "Oberhausener SV 1"]

1. Nf3 Nf6 2. g3 g6 3. Bg2 Bg7 4. O-O O-O 5. d4 d6 6. c4 Nbd7 7. Nc3 e5 8. h3
c6 9. e4 exd4 10. Nxd4 Re8 11. Re1 a5 12. Nc2 Qc7 13. Be3 a4 14. Rc1 Nc5 15.
Bf4 Bf8 16. Nd4 Nfd7 17. b4 axb3 18. Nxb3 Ne5 19. Nxc5 dxc5 20. Qe2 Bg7 21. Kh2
Qa5 22. Bd2 Qa6 23. f4 Nxc4 24. Bf1 Nxd2 25. Qxd2 Qa5 26. e5 Be6 27. a4 Red8
28. Qb2 Qb4 29. Rb1 Qa5 30. Rbc1 b6 31. Red1 Rd4 32. Bg2 Rad8 33. Bxc6 h5 34.
Rxd4 Rxd4 35. Rd1 Rxd1 36. Nxd1 Qe1 37. Nf2 h4 38. Kg2 hxg3 39. Kxg3 Qe3+ 40.
Bf3 g5 41. Qxb6 Qxf4+ 42. Kg2 Bxe5 43. Qxc5 Bc4 44. Qc8+ Kg7 0-1

[Event "Oberhausener SV 1 - SG Bochum 2"]
[Site "NRW-Klasse, Gruppe 1 2013/201"]
[Date "2013.11.17"]
[Round "3.6"]
[White "Nissen, Claus"]
[Black "Mazarov, Juergen"]
[Result "1/2-1/2"]
[WhiteElo "2133"]
[BlackElo "2126"]
[PlyCount "30"]
[EventDate "2013.??.??"]
[WhiteTeam "Oberhausener SV 1"]
[BlackTeam "SG Bochum 2"]

1. d4 d5 2. c4 c6 3. Nc3 Nf6 4. Nf3 dxc4 5. a4 e6 6. Bg5 Bb4 7. Qd2 Nbd7 8. e3
Qa5 9. Bxf6 Nxf6 10. Qc2 Nd5 11. Rc1 b5 12. Be2 Bb7 13. O-O Nxc3 14. bxc3 Be7
15. Rb1 Rb8 1/2-1/2

[Event "Oberhausener SV 1 - SG Bochum 2"]
[Site "NRW-Klasse, Gruppe 1 2013/201"]
[Date "2013.11.17"]
[Round "3.7"]
[White "Tkachuk, Sergij"]
[Black "Soehnchen, Andreas"]
[Result "1/2-1/2"]
[WhiteElo "2157"]
[BlackElo "2133"]
[Annotator "Doe,John"]
[PlyCount "59"]
[EventDate "2013.??.??"]
[WhiteTeam "SG Bochum 2"]
[BlackTeam "Oberhausener SV 1"]

1. e4 c5 2. Nf3 Nc6 3. d4 cxd4 4. Nxd4 g6 5. Nxc6 bxc6 6. Qd4 Nf6 7. e5 Nd5 8.
c4 Qb6 9. Qxb6 Nxb6 10. Bf4 Ba6 11. Nd2 d6 12. exd6 exd6 13. O-O-O O-O-O 14. b3
d5 15. Bg5 Ba3+ 16. Kc2 Rd7 17. cxd5 Bxf1 18. Nxf1 Nxd5 19. Ne3 Re8 20. Nxd5
Re2+ 21. Rd2 Rxd2+ 22. Bxd2 Rxd5 23. Be3 Bc5 $11 24. Re1 a5 25. Re2 h5 26. Rd2
Rf5 27. Bxc5 Rxc5+ 28. Kd3 Kc7 29. Rc2 Rd5+ 30. Kc4 1/2-1/2

[Event "Oberhausener SV 1 - SG Bochum 2"]
[Site "NRW-Klasse, Gruppe 1 2013/201"]
[Date "2013.11.17"]
[Round "3.8"]
[White "Voge, Andreas"]
[Black "Pilat, Daniel"]
[Result "1-0"]
[WhiteElo "2078"]
[BlackElo "2155"]
[PlyCount "113"]
[EventDate "2013.??.??"]
[WhiteTeam "Oberhausener SV 1"]
[BlackTeam "SG Bochum 2"]

1. e4 c5 2. Nf3 e6 3. d4 cxd4 4. Nxd4 a6 5. Bd3 d5 6. exd5 Qxd5 7. O-O Nd7 8.
Be3 Ngf6 9. Nc3 Qd6 10. Re1 Be7 11. Qe2 O-O 12. Rad1 Qc7 13. Bg5 Bc5 14. Nb3
Bd6 15. Ne4 Nxe4 16. Qxe4 g6 17. Qh4 e5 18. Be4 f6 19. Bh6 Re8 20. Re3 Bf8 21.
Rc3 Qb6 22. Be3 Qd8 23. Bd5+ Kh8 24. Bf7 Re7 25. Bxg6 Rg7 26. Bf5 Qe8 27. Bh6
Rf7 28. Rcd3 e4 29. Rd4 Ne5 30. Bxe4 Bg4 31. f3 Be6 32. Bxf8 Qxf8 33. Bd5 Bxd5
34. Rxd5 Qg8 35. Kh1 Raf8 36. Nc5 Qg6 37. Ne4 Rg7 38. Qf2 Rfg8 39. Rd8 Qh6 40.
Rxg8+ Rxg8 41. b3 Qg7 42. Rd2 f5 43. Ng3 f4 44. Ne4 Nc6 45. c3 Qe7 46. Rd5 Rg6
47. Qd2 Qh4 48. h3 Ne7 49. Qd4+ Kg8 50. Rd8+ Kf7 51. Nd6+ Rxd6 52. Rxd6 Qe1+
53. Qg1 Qxc3 54. Rd7 Qb4 55. Qd1 Kg6 56. Rd6+ Kf7 57. Rd4 1-0

[Event "SF Lieme 1 - SF Katernberg 2"]
[Site "NRW-Klasse, Gruppe 1 2013/201"]
[Date "2013.11.17"]
[Round "3.1"]
[White "Hoolt, Sarah"]
[Black "Schmitz, Philipp"]
[Result "1-0"]
[WhiteElo "2294"]
[BlackElo "2194"]
[PlyCount "95"]
[EventDate "2013.??.??"]
[WhiteTeam "SF Katernberg 2"]
[BlackTeam "SF Lieme 1"]

1. e4 c5 2. Nf3 Nc6 3. Bb5 g6 4. Bxc6 bxc6 5. O-O Bg7 6. Re1 d6 7. e5 Nh6 8.
exd6 Qxd6 9. Nc3 Bf5 10. d3 c4 11. Ne4 Qd8 12. Bxh6 Bxh6 13. dxc4 O-O 14. Nd4
Bxe4 15. Rxe4 Qb6 16. Nb3 a5 17. Qd4 Qb8 18. Rb1 a4 19. Nc5 Rd8 20. Nd7 c5 21.
Nxb8 cxd4 22. Nc6 d3 23. cxd3 Rxd3 24. Nxe7+ Kf8 25. Re2 Bg7 26. Kf1 Bxb2 27.
Rbxb2 Rd1+ 28. Re1 Rxe1+ 29. Kxe1 Kxe7 30. Rb7+ Kd6 31. Kd2 a3 32. Kc3 Re8 33.
Rxf7 Re2 34. Kb3 Kc5 35. Rc7+ Kb6 36. Rxh7 Rxf2 37. g3 Kc5 38. Rh4 Rf3+ 39. Ka4
Rc3 40. Rg4 g5 41. Rxg5+ Kxc4 42. h4 Kd3 43. Rf5 Ke2 44. g4 Rc4+ 45. Kxa3 Rxg4
46. h5 Kd3 47. Kb3 Ke4 48. Rb5 1-0

[Event "SF Lieme 1 - SF Katernberg 2"]
[Site "NRW-Klasse, Gruppe 1 2013/201"]
[Date "2013.11.17"]
[Round "3.2"]
[White "Wittke, Rene"]
[Black "Rosen, Bernd"]
[Result "1/2-1/2"]
[WhiteElo "2178"]
[BlackElo "2241"]
[PlyCount "103"]
[EventDate "2013.??.??"]
[WhiteTeam "SF Lieme 1"]
[BlackTeam "SF Katernberg 2"]

1. d4 Nf6 2. Nf3 c5 3. Nc3 cxd4 4. Qxd4 Nc6 5. Qh4 b5 6. e4 b4 7. Nd5 e6 8.
Nxf6+ Qxf6 9. Qxf6 gxf6 10. Be3 Bb7 11. O-O-O O-O-O 12. Bb5 a6 13. Be2 Nb8 14.
Nd2 d5 15. Nb3 Be7 16. Nc5 dxe4 17. Nxb7 Kxb7 18. f3 exf3 19. Bxf3+ Nc6 20. Rd3
Kc7 21. Rhd1 Ne5 22. Rxd8 Rxd8 23. Rxd8 Bxd8 24. Bf4 Kd7 25. Be4 Ng6 26. Be3
Bc7 27. g3 a5 28. Kd1 f5 29. Bd3 Kc6 30. a3 Be5 31. axb4 axb4 32. Bd2 Bxb2 33.
Bxb4 Ne5 34. Ke2 Bd4 35. Ba6 Ng4 36. h3 Ne5 37. Bd2 Nd7 38. Kf3 Nc5 39. Bc4 Ne4
40. Bb4 Bc5 41. Be1 h6 42. Bb3 e5 43. h4 Nd6 44. Bc3 f6 45. Be6 Nb5 46. Bb2 Ba3
47. Ba1 Nd6 48. Bc3 Bc1 49. Bb4 f4 50. gxf4 Bxf4 51. Bxd6 Kxd6 52. Bf5 1/2-1/2

[Event "SF Lieme 1 - SF Katernberg 2"]
[Site "NRW-Klasse, Gruppe 1 2013/201"]
[Date "2013.11.17"]
[Round "3.3"]
[White "Villwock, Martin"]
[Black "Essing, Arnold"]
[Result "0-1"]
[WhiteElo "2179"]
[BlackElo "2160"]
[PlyCount "68"]
[EventDate "2013.??.??"]
[WhiteTeam "SF Katernberg 2"]
[BlackTeam "SF Lieme 1"]

1. b3 d5 2. Bb2 Bg4 3. f3 Bh5 4. Nh3 e6 5. g3 Nf6 6. Bg2 Bd6 7. O-O c5 8. Qe1
Nc6 9. e4 dxe4 10. fxe4 Be5 11. c3 c4 12. Na3 cxb3 13. d4 Bc7 14. Nb5 e5 15.
Qd2 O-O 16. Qg5 Bg6 17. Rad1 Bb6 18. Kh1 Nxe4 19. Qe3 exd4 20. cxd4 Re8 21.
Qxb3 Na5 22. Qf3 Nc4 23. Bc1 Qd7 24. Nf4 Qxb5 25. Nxg6 fxg6 26. Qf7+ Kh8 27.
Bxe4 Nd6 28. Qd5 Rxe4 29. Qxd6 Qe8 30. Qd5 Rc8 31. Ba3 Qc6 32. Rc1 Qxd5 33.
Rxc8+ Re8+ 34. Kg1 Bxd4+ 0-1

[Event "SF Lieme 1 - SF Katernberg 2"]
[Site "NRW-Klasse, Gruppe 1 2013/201"]
[Date "2013.11.17"]
[Round "3.4"]
[White "Himpenmacher, Andy"]
[Black "Valkyser, Martin"]
[Result "0-1"]
[WhiteElo "2050"]
[BlackElo "2181"]
[PlyCount "68"]
[EventDate "2013.??.??"]
[WhiteTeam "SF Lieme 1"]
[BlackTeam "SF Katernberg 2"]

1. e4 c5 2. Nc3 Nc6 3. g3 g6 4. Bg2 Bg7 5. d3 d6 6. Be3 e6 7. Nge2 Nd4 8. Qd2
Ne7 9. Nc1 h6 10. Nd1 b6 11. O-O Bb7 12. c3 Ndc6 13. d4 cxd4 14. cxd4 d5 15. e5
Ba6 16. Re1 Nf5 17. Bf1 Bxf1 18. Rxf1 Rc8 19. g4 Nxe3 20. Qxe3 Qh4 21. f3 h5
22. Rf2 Bh6 23. Qd3 hxg4 24. Ne2 gxf3 25. Rxf3 Bf8 26. h3 Nxd4 27. Nxd4 Bc5 28.
Qb5+ Ke7 29. Kg2 Qxd4 30. Nc3 Rh5 31. Ne2 Rg5+ 32. Kh1 Qxe5 33. Raf1 Qe4 34.
Nc3 Rg1+ 0-1

[Event "SF Lieme 1 - SF Katernberg 2"]
[Site "NRW-Klasse, Gruppe 1 2013/201"]
[Date "2013.11.17"]
[Round "3.5"]
[White "Rosen, Willy"]
[Black "Schaffarczyk, Andre"]
[Result "1/2-1/2"]
[WhiteElo "2183"]
[BlackElo "2042"]
[PlyCount "54"]
[EventDate "2013.??.??"]
[WhiteTeam "SF Katernberg 2"]
[BlackTeam "SF Lieme 1"]

1. e4 c5 2. Nf3 e6 3. d4 cxd4 4. Nxd4 Nf6 5. Nc3 d6 6. Be3 Be7 7. f3 O-O 8. Qd2
Nc6 9. g4 d5 10. g5 Nxd4 11. Bxd4 Nh5 12. f4 dxe4 13. Nxe4 Nxf4 14. Qxf4 Qxd4
15. Bd3 e5 16. Qg3 Bf5 17. Nf6+ Bxf6 18. gxf6 Bg6 19. fxg7 Rfc8 20. O-O-O e4
21. Be2 Qa4 22. Qb3 Qxb3 23. axb3 Rd8 24. h4 Kxg7 25. Rdf1 f6 26. h5 Bf7 27.
h6+ Kh8 1/2-1/2

[Event "SF Lieme 1 - SF Katernberg 2"]
[Site "NRW-Klasse, Gruppe 1 2013/201"]
[Date "2013.11.17"]
[Round "3.6"]
[White "Stukenbrok, Nils"]
[Black "Wessendorf, Thomas"]
[Result "0-1"]
[WhiteElo "1985"]
[BlackElo "2181"]
[PlyCount "88"]
[EventDate "2013.??.??"]
[WhiteTeam "SF Lieme 1"]
[BlackTeam "SF Katernberg 2"]

1. d4 g6 2. g3 Bg7 3. Bg2 Nf6 4. Nf3 O-O 5. O-O d6 6. c4 Nc6 7. Nc3 Bg4 8. h3
Bxf3 9. Bxf3 Nd7 10. e3 e5 11. d5 Ne7 12. e4 f5 13. b4 Rf7 14. Bd2 Nf6 15. Kg2
Qd7 16. a4 Raf8 17. Ra3 Kh8 18. Be3 fxe4 19. Nxe4 Nxe4 20. Bxe4 Nf5 21. Bxa7
Bh6 22. Bxf5 gxf5 23. f4 b6 24. a5 Ra8 25. fxe5 dxe5 26. axb6 cxb6 27. Qa1 Rxa7
28. Qxe5+ Kg8 29. Qb8+ Bf8 30. Rxa7 Qxa7 31. Qf4 Qe7 32. c5 bxc5 33. d6 Qb7+
34. Kg1 cxb4 35. g4 Qb6+ 36. Kg2 Qc6+ 37. Kg1 Qxd6 38. Qg5+ Rg7 39. Qxf5 Qg3+
40. Kh1 Qxh3+ 41. Kg1 Rxg4+ 42. Kf2 Rg2+ 43. Ke1 Qe3+ 44. Kd1 Qd2# 0-1

[Event "SF Lieme 1 - SF Katernberg 2"]
[Site "NRW-Klasse, Gruppe 1 2013/201"]
[Date "2013.11.17"]
[Round "3.7"]
[White "Gassmann, Volker"]
[Black "Stork, Holger"]
[Result "0-1"]
[WhiteElo "2145"]
[BlackElo "2006"]
[PlyCount "80"]
[EventDate "2013.??.??"]
[WhiteTeam "SF Katernberg 2"]
[BlackTeam "SF Lieme 1"]

1. d4 Nf6 2. c4 e6 3. Nc3 Bb4 4. f3 d5 5. a3 Bxc3+ 6. bxc3 c6 7. Bg5 h6 8. Bh4
Nbd7 9. e3 O-O 10. Bd3 Qa5 11. Ne2 b6 12. O-O Ba6 13. cxd5 Bxd3 14. Qxd3 cxd5
15. e4 Rfc8 16. e5 Ne8 17. f4 Qa4 18. Rf2 Rc7 19. Qe3 Nf8 20. g4 Rac8 21. f5
Qc2 22. Rc1 Qe4 23. Qxe4 dxe4 24. Kf1 Rc4 25. Be7 Nc7 26. Bxf8 Rxf8 27. fxe6
fxe6 28. Rxf8+ Kxf8 29. Ke1 Nd5 30. Kd2 b5 31. Rb1 a6 32. Rb3 Ke7 33. Ng3 e3+
34. Kd3 Rc8 35. Ne4 Rf8 36. a4 Rf3 37. Rb1 Nf4+ 38. Kc2 e2 39. Kd2 Rd3+ 40. Ke1
Re3 0-1

[Event "SF Lieme 1 - SF Katernberg 2"]
[Site "NRW-Klasse, Gruppe 1 2013/201"]
[Date "2013.11.17"]
[Round "3.8"]
[White "Schulte, Oliver"]
[Black "Imcke, Patrick"]
[Result "0-1"]
[WhiteElo "1991"]
[BlackElo "2045"]
[PlyCount "82"]
[EventDate "2013.??.??"]
[WhiteTeam "SF Lieme 1"]
[BlackTeam "SF Katernberg 2"]

1. d4 Nf6 2. Nf3 g6 3. Bg5 Bg7 4. Nbd2 c5 5. c3 cxd4 6. cxd4 Nc6 7. e3 h6 8.
Bh4 d6 9. a3 Bf5 10. h3 O-O 11. g4 Bd7 12. Bg2 e5 13. d5 Ne7 14. e4 Bb5 15.
Bxf6 Bxf6 16. Qb3 Ba6 17. Bf1 Bxf1 18. Kxf1 Qd7 19. Nc4 Bg7 20. Kg2 f5 21. gxf5
gxf5 22. Ncxe5 dxe5 23. d6+ Rf7 24. dxe7 fxe4 25. Nh2 Qxe7 26. Rae1 Qf6 27.
Rhf1 h5 28. Kh1 Qf5 29. Qe3 Raf8 30. Qxe4 Qxe4+ 31. Rxe4 Rxf2 32. Rxf2 Rxf2 33.
b3 Kf7 34. Kg1 Rb2 35. Rb4 b6 36. Nf3 Kf6 37. a4 Bf8 38. Re4 Bc5+ 39. Kh1 Kf5
40. Rxe5+ Kf4 41. Ne1 Rb1 0-1

[Event "PSV Duisburg 1 - Bielefelder SK 1"]
[Site "NRW-Klasse, Gruppe 1 2013/201"]
[Date "2013.11.17"]
[Round "3.1"]
[White "Forchert, Martin"]
[Black "Schiffer, Kai-Uwe"]
[Result "1/2-1/2"]
[WhiteElo "2254"]
[BlackElo "2219"]
[PlyCount "99"]
[EventDate "2013.??.??"]
[WhiteTeam "Bielefelder SK 1"]
[BlackTeam "PSV Duisburg 1"]

1. e4 e5 2. Nf3 Nc6 3. Bb5 a6 4. Bxc6 dxc6 5. O-O Qf6 6. d4 exd4 7. Bg5 Qd6 8.
Nxd4 Bd7 9. Nc3 Be7 10. Be3 O-O-O 11. Qe1 Nh6 12. f3 Rhe8 13. Rd1 Qg6 14. Qf2
Bd6 15. Nde2 Kb8 16. Bf4 Bxf4 17. Nxf4 Qg5 18. Nd3 f5 19. f4 Qh5 20. e5 b6 21.
Qf3 Qxf3 22. Rxf3 Nf7 23. Ne1 Be6 24. Rfd3 Rxd3 25. Rxd3 g5 26. g3 Rg8 27. Kf2
a5 28. a3 h6 29. Ng2 Kc8 30. Ne3 Nd8 31. Ne2 Rf8 32. b4 axb4 33. axb4 Bd7 34.
Ra3 Kb7 35. Nd4 gxf4 36. gxf4 c5 37. bxc5 bxc5 38. Rb3+ Ka6 39. Ne2 Ne6 40. Nd5
Bb5 41. Rh3 Rh8 42. Rg3 Be8 43. Ke3 Kb5 44. Rg1 Kc4 45. Ne7 Nd4 46. Nxd4 cxd4+
47. Kd2 Rh7 48. Ng8 c5 49. Nf6 Re7 50. Nxe8 1/2-1/2

[Event "PSV Duisburg 1 - Bielefelder SK 1"]
[Site "NRW-Klasse, Gruppe 1 2013/201"]
[Date "2013.11.17"]
[Round "3.2"]
[White "Schmitz, Joachim"]
[Black "Simon, Hans Christian"]
[Result "1/2-1/2"]
[WhiteElo "2232"]
[BlackElo "2143"]
[PlyCount "27"]
[EventDate "2013.??.??"]
[WhiteTeam "PSV Duisburg 1"]
[BlackTeam "Bielefelder SK 1"]

1. e4 e5 2. Bc4 Nf6 3. d3 c6 4. Nf3 d5 5. Bb3 Bb4+ 6. Bd2 Bxd2+ 7. Nbxd2 Bg4 8.
h3 Bxf3 9. Qxf3 Qd6 10. O-O O-O 11. Rfe1 Nbd7 12. c3 Nc5 13. Bc2 dxe4 14. Nxe4
1/2-1/2

[Event "PSV Duisburg 1 - Bielefelder SK 1"]
[Site "NRW-Klasse, Gruppe 1 2013/201"]
[Date "2013.11.17"]
[Round "3.3"]
[White "Goeßling, Guido"]
[Black "Wengenroth, Walter"]
[Result "0-1"]
[WhiteElo "2143"]
[BlackElo "2207"]
[PlyCount "76"]
[EventDate "2013.??.??"]
[WhiteTeam "Bielefelder SK 1"]
[BlackTeam "PSV Duisburg 1"]

1. e4 c5 2. Nf3 Nc6 3. d4 cxd4 4. Nxd4 Nf6 5. Nc3 d6 6. Bg5 e6 7. Qd2 Be7 8.
O-O-O O-O 9. Bc4 d5 10. exd5 Nxd5 11. Bxe7 Ncxe7 12. Nxd5 Nxd5 13. Nb3 Qh4 14.
Bxd5 exd5 15. f3 Be6 16. Qd4 Qg5+ 17. f4 Qh6 18. Kb1 Rfe8 19. Rde1 Qg6 20. Qd2
Bf5 21. Nd4 Be4 22. Rhg1 Rec8 23. Re2 a5 24. Ka1 b5 25. g4 b4 26. Rg3 Qb6 27.
Re1 Rc4 28. Rd1 Rac8 29. c3 bxc3 30. Rxc3 Rxc3 31. bxc3 Rb8 32. a3 Qc5 33. Qc1
Rb1+ 34. Qxb1 Bxb1 35. Kxb1 Qxa3 36. Re1 Kf8 37. Re3 Qd6 38. Ne2 Qb6+ 0-1

[Event "PSV Duisburg 1 - Bielefelder SK 1"]
[Site "NRW-Klasse, Gruppe 1 2013/201"]
[Date "2013.11.17"]
[Round "3.4"]
[White "Maslak, Sulejman"]
[Black "Gruen, Gerd-Peter"]
[Result "1-0"]
[WhiteElo "2245"]
[BlackElo "2268"]
[PlyCount "73"]
[EventDate "2013.??.??"]
[WhiteTeam "PSV Duisburg 1"]
[BlackTeam "Bielefelder SK 1"]

1. c4 e5 2. Nc3 Nf6 3. g3 c6 4. Bg2 d5 5. cxd5 cxd5 6. Qb3 Nc6 7. Nxd5 Nd4 8.
Nxf6+ gxf6 9. Qd1 Bf5 10. d3 Rc8 11. Kf1 Qb6 12. Nf3 Bc5 13. Nh4 Bg4 14. f3 Be6
15. e3 Nc6 16. Kf2 O-O 17. f4 Rfd8 18. Be4 Ne7 19. Qh5 f5 20. Nxf5 Bxf5 21.
Bxf5 Nxf5 22. Qxf5 Bf8 23. fxe5 Rc2+ 24. Kf3 Bg7 25. d4 Qc6+ 26. Kg4 h5+ 27.
Kxh5 Rc8 28. Rf1 Rxh2+ 29. Kg4 Rc7 30. e4 Qc2 31. Bg5 Qg2 32. Bh4 Qxb2 33. e6
Qe2+ 34. Rf3 fxe6 35. Qxe6+ Kh7 36. Raf1 Rc6 37. Qf5+ 1-0

[Event "PSV Duisburg 1 - Bielefelder SK 1"]
[Site "NRW-Klasse, Gruppe 1 2013/201"]
[Date "2013.11.17"]
[Round "3.5"]
[White "Forchert, Niko"]
[Black "Heisel, Guido"]
[Result "1/2-1/2"]
[WhiteElo "2123"]
[BlackElo "2094"]
[PlyCount "124"]
[EventDate "2013.??.??"]
[WhiteTeam "Bielefelder SK 1"]
[BlackTeam "PSV Duisburg 1"]

1. d4 g6 2. Nf3 Bg7 3. c3 Nf6 4. Bg5 Ne4 5. Bf4 d5 6. Nbd2 Nd6 7. e3 O-O 8. Qb3
c6 9. Bd3 Nd7 10. O-O Nf6 11. Be5 Nh5 12. c4 dxc4 13. Nxc4 Nxc4 14. Bxc4 b5 15.
Be2 Be6 16. Qc2 f6 17. Bg3 Nxg3 18. hxg3 Qd6 19. Rfc1 Bd7 20. Qc5 Rfd8 21. Nd2
Qxc5 22. Rxc5 e5 23. dxe5 fxe5 24. Ne4 Rab8 25. Bf3 Rb6 26. Rd1 Kf8 27. Rc2 Ke7
28. Rcd2 Rbb8 29. Nc5 Bf5 30. Rxd8 Rxd8 31. Rxd8 Kxd8 32. Bxc6 Kc7 33. Be4 Kb6
34. Bxf5 Kxc5 35. Be4 a5 36. Kf1 a4 37. Ke2 b4 38. Kd3 Bf6 39. g4 Bh4 40. g3
Bf6 41. Kc2 Bd8 42. f4 Bf6 43. g5 Be7 44. Kd3 a3 45. b3 Bd8 46. Bb7 Be7 47. Ke4
exf4 48. gxf4 Kd6 49. Bd5 Bf8 50. Bg8 h6 51. Bh7 hxg5 52. fxg5 Bg7 53. Bxg6 Bc3
54. Bf7 Bb2 55. Kf5 Bc3 56. Bc4 Bb2 57. Be2 Bc3 58. Ke4 Kc5 59. Kf5 Kd6 60. g6
Bb2 61. Bf3 Bc3 62. Kg5 Bg7 1/2-1/2

[Event "PSV Duisburg 1 - Bielefelder SK 1"]
[Site "NRW-Klasse, Gruppe 1 2013/201"]
[Date "2013.11.17"]
[Round "3.6"]
[White "Kleff, Andre"]
[Black "Danielmeier, Ralf"]
[Result "1/2-1/2"]
[WhiteElo "2108"]
[BlackElo "2046"]
[PlyCount "39"]
[EventDate "2013.??.??"]
[WhiteTeam "PSV Duisburg 1"]
[BlackTeam "Bielefelder SK 1"]

1. d4 Nf6 2. Nf3 g6 3. e3 Bg7 4. c4 O-O 5. Nc3 d5 6. Be2 c5 7. dxc5 Qa5 8. Bd2
dxc4 9. Bxc4 Qxc5 10. Be2 Nc6 11. O-O Rd8 12. Qa4 Bd7 13. Qh4 Qb4 14. Qxb4 Nxb4
15. h3 Nfd5 16. Nxd5 Nxd5 17. Nd4 e5 18. Nb3 b6 19. Bf3 Be6 20. e4 1/2-1/2

[Event "PSV Duisburg 1 - Bielefelder SK 1"]
[Site "NRW-Klasse, Gruppe 1 2013/201"]
[Date "2013.11.17"]
[Round "3.7"]
[White "Gruettemeier, Uwe"]
[Black "Sponheim, Marko"]
[Result "0-1"]
[WhiteElo "2050"]
[BlackElo "2040"]
[PlyCount "60"]
[EventDate "2013.??.??"]
[WhiteTeam "Bielefelder SK 1"]
[BlackTeam "PSV Duisburg 1"]

1. d4 Nf6 2. c4 c5 3. d5 b5 4. cxb5 a6 5. Nc3 axb5 6. e4 b4 7. Nb5 d6 8. Qc2 g6
9. a4 Bg7 10. Nf3 O-O 11. Bd3 Ba6 12. O-O Nxe4 13. Bf4 Nf6 14. Rad1 Nbd7 15.
Bc4 Nb6 16. b3 Bb7 17. Qd2 Nxc4 18. bxc4 Rxa4 19. Bh6 Ba6 20. Bxg7 Kxg7 21.
Rfe1 Qd7 22. Qe2 Re8 23. h4 Bxb5 24. cxb5 Ra5 25. b6 Rb5 26. Nd2 Rxb6 27. Nc4
Rbb8 28. Rd3 Qg4 29. Qc2 Qxh4 30. Rh3 Qg5 0-1

[Event "PSV Duisburg 1 - Bielefelder SK 1"]
[Site "NRW-Klasse, Gruppe 1 2013/201"]
[Date "2013.11.17"]
[Round "3.8"]
[White "Kretschmann, Thomas"]
[Black "Sudbrock, Ralf"]
[Result "0-1"]
[WhiteElo "2091"]
[BlackElo "2010"]
[PlyCount "71"]
[EventDate "2013.??.??"]
[WhiteTeam "PSV Duisburg 1"]
[BlackTeam "Bielefelder SK 1"]

1. e4 g6 2. d4 c6 3. Nd2 d5 4. c3 Bg7 5. Ngf3 dxe4 6. Nxe4 Nd7 7. Bd3 Ngf6 8.
h3 O-O 9. O-O Nxe4 10. Bxe4 e5 11. Qb3 exd4 12. cxd4 Nf6 13. Bd3 Qb6 14. Qa4
Nd5 15. Bd2 a5 16. a3 Be6 17. Rab1 Rfe8 18. Rfe1 Nc7 19. Ne5 Qb3 20. Qxb3 Bxb3
21. Bc3 a4 22. Bc4 Rxe5 23. Bxf7+ Kxf7 24. dxe5 Ke6 25. Re4 Bc2 26. Rbe1 Bxe4
27. Rxe4 Nd5 28. Bd4 b6 29. Rh4 h5 30. f4 c5 31. Bf2 Rf8 32. g3 Rf7 33. Be1 Bf8
34. Bd2 Be7 35. f5+ Rxf5 36. Rxa4 0-1

[Event "Elberfelder SG 1 - Südlohner SV 1"]
[Site "NRW-Klasse, Gruppe 1 2013/201"]
[Date "2013.11.17"]
[Round "3.1"]
[White "Funke, Reinhard"]
[Black "Odendahl, Reiner"]
[Result "0-1"]
[WhiteElo "2142"]
[BlackElo "2252"]
[PlyCount "70"]
[EventDate "2013.??.??"]
[WhiteTeam "Südlohner SV 1"]
[BlackTeam "Elberfelder SG 1"]

1. d4 g6 2. Nf3 Bg7 3. g3 c5 4. Bg2 cxd4 5. Nxd4 Nc6 6. Nxc6 bxc6 7. O-O Rb8 8.
c4 Rxb2 9. Bxb2 Bxb2 10. Nd2 Bxa1 11. Qxa1 Nf6 12. Qd4 Qa5 13. Ne4 O-O 14.
Nxf6+ exf6 15. Qxf6 Qxa2 16. Qc3 Ba6 17. Rd1 Bxc4 18. Ra1 Qb3 19. Qd4 Be6 20.
Qxa7 Qb2 21. Bf3 Rb8 22. Kg2 Qe5 23. Ra3 Rb1 24. Re3 Qf5 25. g4 Qf6 26. Qa8+
Kg7 27. Qa5 h6 28. Rc3 Rb5 29. Qa3 h5 30. h3 hxg4 31. Bxg4 Bd5+ 32. Kg3 Rb1 33.
f3 Qe5+ 34. Kf2 Qd4+ 35. e3 Qd2+ 0-1

[Event "Elberfelder SG 1 - Südlohner SV 1"]
[Site "NRW-Klasse, Gruppe 1 2013/201"]
[Date "2013.11.17"]
[Round "3.2"]
[White "Mantler, Hendrik"]
[Black "Darwisch, Khaled"]
[Result "1-0"]
[WhiteElo "2180"]
[BlackElo "1980"]
[PlyCount "59"]
[EventDate "2013.??.??"]
[WhiteTeam "Elberfelder SG 1"]
[BlackTeam "Südlohner SV 1"]

1. e4 e5 2. Nf3 d6 3. Bc4 Be6 4. Bxe6 fxe6 5. d4 Nc6 6. d5 exd5 7. exd5 Nce7 8.
Ng5 Nf6 9. c4 Qd7 10. O-O h6 11. Ne6 g5 12. Nc3 Ng6 13. Nb5 Kf7 14. f4 gxf4 15.
g3 Rg8 16. Kh1 c6 17. Nc3 Re8 18. gxf4 exf4 19. Bxf4 Rxe6 20. dxe6+ Qxe6 21.
Qf3 Be7 22. Rae1 Qf5 23. Qe3 Qg4 24. Bg3 Ne5 25. Rf4 Qe6 26. c5 Kg7 27. cxd6
Bxd6 28. Rd4 Nfg4 29. Rxg4+ Qxg4 30. Bxe5+ 1-0

[Event "Elberfelder SG 1 - Südlohner SV 1"]
[Site "NRW-Klasse, Gruppe 1 2013/201"]
[Date "2013.11.17"]
[Round "3.3"]
[White "Doennebrink, Elmar"]
[Black "Kurr, Gerd"]
[Result "1/2-1/2"]
[WhiteElo "2044"]
[BlackElo "2169"]
[PlyCount "165"]
[EventDate "2013.??.??"]
[WhiteTeam "Südlohner SV 1"]
[BlackTeam "Elberfelder SG 1"]

1. e4 c6 2. d4 d5 3. exd5 cxd5 4. Bd3 Nc6 5. c3 Nf6 6. Bf4 Bg4 7. Qb3 Qc8 8.
Nd2 e6 9. h3 Bh5 10. Ngf3 Be7 11. O-O O-O 12. Rfe1 Bg6 13. Bf1 Rd8 14. Ne5 Nxe5
15. Bxe5 Bd6 16. c4 Ne4 17. Nxe4 Bxe5 18. cxd5 Bxd4 19. Rac1 Qd7 20. Nc5 Qxd5
21. Nxb7 Qxb3 22. axb3 Rdc8 23. Nd6 Rxc1 24. Rxc1 Bxb2 25. Rc8+ Rxc8 26. Nxc8
Bc2 27. Nxa7 Bxb3 28. Nb5 Kf8 29. Nd6 Ke7 30. Nc4 Bd4 31. Ne3 Kd6 32. Bc4 Ba4
33. Kf1 Kc5 34. Ba2 Bb5+ 35. Kg1 Bd3 36. Bb3 Bxe3 37. fxe3 Kb4 38. Bd1 Kc3 39.
Kf2 Kd2 40. Ba4 g5 41. Bd7 Bc4 42. g4 Bd5 43. Be8 f6 44. Bf7 Kd3 45. Bg8 h6 46.
Bh7+ Be4 47. Bg8 e5 48. Be6 Bg6 49. Bd7 Kc4 50. Be6+ Kc5 51. Kg3 Kd6 52. Bc8 e4
53. h4 gxh4+ 54. Kxh4 Ke5 55. Bd7 Bf7 56. Bc8 Be8 57. Bf5 h5 58. Bc8 hxg4 59.
Kxg4 Bb5 60. Kg3 Be2 61. Bd7 Bh5 62. Bc8 Bg6 63. Bd7 Bf7 64. Bc8 Bc4 65. Bd7 f5
66. Bc8 Be6 67. Bb7 Bd5 68. Bc8 Bc6 69. Ba6 Bd5 70. Bc8 f4+ 71. exf4+ Kd4 72.
Kf2 e3+ 73. Ke2 Ke4 74. f5 Bc4+ 75. Ke1 Ke5 76. Be6 Bd3 77. Bd7 Bxf5 78. Bb5
Kd4 79. Be8 Bg4 80. Bb5 Bf3 81. Bd7 Bh5 82. Bb5 Bg4 83. Be8 1/2-1/2